Animal Silhouettes - Click Quiz - Statistics

General Stats
  • This quiz has been taken 181 times
  • The average score is 13 of 13
Answers on the Map
Answers color-coded by a green-red scale on the quiz's map according to % correct below.
 
Answer Stats
Answer % Correct
Guinea Pig
100%
Tortoise
100%
Ant
99%
Bat
99%
Chicken
99%
Crow
99%
Elephant
99%
Giraffe
99%
Lion
99%
Scorpion
99%
Yak
99%
Rhino
98%
Snake
98%
No matching quizzes found
Score Distribution
Percent of People with Each Score
Percentile by Number Answered
Your Score History
You have not taken this quiz